Music Quiz

Random Music or Bands Quiz

Alternative Bands By Antonym Quiz Stats

 Plays Quiz not verified by Sporcle

Score 0/20 Timer 05:00
0 Plays Today
% Correct
All Time Low
57.1%
Brand New
42.9%
Taking Back Sunday
42.9%
Never Shout Never
42.9%
Paramore
28.6%
Boys Like Girls
28.6%
Relient K
28.6%
A Day To Remember
14.3%
Hit The Lights
14.3%
Friday Night Boys
14.3%
% Correct
Forever The Sickest Kids
0%
The Maine
0%
New Found Glory
0%
Plain White T's
0%
Driving East
0%
The Spotlight
0%
The Cab
0%
Clouds And Cities
0%
Cute Is What We Aim For
0%
Hello Goodbye
0%

You're not logged in!

Compare scores with friends on all Sporcle quizzes.
OR
Log In

Show Comments

Extras

Top Quizzes Today


Score Distribution

Your Account Isn't Verified!

In order to create a playlist on Sporcle, you need to verify the email address you used during registration. Go to your Sporcle Settings to finish the process.

Report this User

Report this user for behavior that violates our Community Guidelines.

Details: